000 00613nam a2200193Ia 4500
008 131103s9999 xx 000 0 und d
020 _cRs. 90
040 _aLoreto College
041 _aEnglish
082 _a320.01/BHA
_bLCBKB/137
100 _aBhattacharyya, Dinesh Chandra
245 _aPolitical theory
_b a comprehensive study of modern politics and government
_cDinesh Chandra Bhattacharyya
250 _a7th ed.
260 _aCalcutta
_bVijoya Pub. House
_c1965(1966 printing)
300 _axix,541 p.
_c 22 cm.
650 _aPolitical Science - Theory
850 _aLCBKB/320.01/BHA
942 _cBK
999 _c34826
_d85305